000 01160 a2200229 4500
003 UA-OsUOA
005 20200210152850.0
008 200210b un ||||| |||| 00| 0 ukr d
040 _aUA-OsUOA
_bukr
_cUA-OsUOA
_dUA-OsUOA
041 _aukr
080 _a082
090 _a082
_bН34
245 _aНауковий збірник Музею української культури в Свиднику. Т. 3 : Присвячений пам'яті Володимира Гнатюка
_cгол. ред. Микола Мушинка ; відп. ред. Іван Чабиняк
260 _c1967
_aСвидник
_bСвидницький музей української культури
300 _a464 с.
_bіл.
650 _2UDC
_a082 Збірники творів різних авторів на різні теми
700 1 _aМушинка Микола
_eголовний редактор
700 1 _aЧабиняк Іван
_eвідповідальний редактор
942 _cBK
_2udc
955 _a1
999 _c458118
_d458118